| 000 | 00518nam a2200193Ia 4500 | ||
|---|---|---|---|
| 005 | 20250425162814.0 | ||
| 008 | 250425s9999 xx 000 0 und d | ||
| 020 | _a9786073221924 | ||
| 041 |
_z _heng |
||
| 082 |
_a512.13 _pSUL |
||
| 100 | _aSullivan, Michael | ||
| 245 | 0 |
_aÁlgebra y trigonometría _cMichael Sullivan |
|
| 260 |
_aMéxico, D.F _bPEARSON _c2013 |
||
| 300 |
_a1010 p. _bgráficos _c27 cm. |
||
| 500 | _aIncluye apéndice | ||
| 600 | _aÁlgebra y Trigonometría | ||
| 942 | _c01 | ||
| 010 | _a109329 | ||
| 999 |
_c236775 _d236775 |
||